000 02067cam a22004334a 4500
001 14163562
003 ARRUPE
005 20140122103349.0
008 051101s2007 maua b 001 0 eng
010 _a 2005031980
020 _a9781405129466 (hbk. : alk. paper)
020 _a1405129468 (hbk. : alk. paper)
020 _a9781405129602 (pbk. : alk. paper)
020 _a1405129603 (pbk. : alk. paper)
035 _a(OCoLC)ocm62281976
040 _aDLC
_cDLC
_dBAKER
_dC#P
_dYLS
_dMUQ
_dBTCTA
_dYDXCP
_dNLGGC
_dKAAUA
_dDEBBG
_dDLC
042 _apcc
050 0 0 _aK230.A367
_bM87 2007
082 0 0 _a340/.1
_222
084 _a86.04
_2bcl
084 _aCC 7600
_2rvk
100 1 _aMurphy, Mark C.
_96871
245 1 0 _aPhilosophy of law /
_cMark C. Murphy.
246 1 _aPhilosophy of law : the fundamentals
260 _aMalden, MA :
_bBlackwell Pub.,
_c2007.
300 _axii, 214 p. :
_bill. ;
_c24 cm.
490 1 _aFundamentals of philosophy ;
_v2
504 _aIncludes bibliographical references and index.
505 0 _aAnalytical fundamentals : the concept of law -- Normative fundamentals : the basic roles of paradigmatic legal systems -- The aims of law -- The nature and aims of the criminal law -- The nature and aims of tort law -- Challenging the law.
650 0 _aLaw.
_96872
830 0 _aFundamentals of philosophy (Blackwell Publishing Ltd.) ;
_v2.
_96873
856 4 1 _3Table of contents
_uhttp://www.loc.gov/catdir/toc/ecip063/2005031980.html
856 4 2 _3Contributor biographical information
_uhttp://www.loc.gov/catdir/enhancements/fy0802/2005031980-b.html
856 4 2 _3Publisher description
_uhttp://www.loc.gov/catdir/enhancements/fy0802/2005031980-d.html
856 _uhttp://bvbm2.bib-bvb.de:8993/F?func=service&doc_library=BVB01&doc_number=014900425&line_number=0001&func_code=DB_RECORDS&service_type=MEDIA
_zInhaltsverzeichnis
906 _a7
_bcbc
_corignew
_d1
_eecip
_f20
_gy-gencatlg
942 _2lcc
_cMONOGRAPH
999 _c119631
_d119631